Gone with the wind (Record no. 134887)
[ view plain ]
| 000 -LEADER | |
|---|---|
| fixed length control field | 02730nam a2200217Ia 4500 |
| 003 - CONTROL NUMBER IDENTIFIER | |
| control field | OSt |
| 005 - DATE AND TIME OF LATEST TRANSACTION | |
| control field | 20251117115520.0 |
| 008 - FIXED-LENGTH DATA ELEMENTS--GENERAL INFORMATION | |
| fixed length control field | 210210b2004 xxu||||| |||| 00| 0 eng d |
| 040 ## - CATALOGING SOURCE | |
| Transcribing agency | AL |
| 041 ## - LANGUAGE CODE | |
| Language code of text/sound track or separate title | Kannada |
| 082 ## - DEWEY DECIMAL CLASSIFICATION NUMBER | |
| Classification number | K894.3 MISG |
| 100 ## - MAIN ENTRY--PERSONAL NAME | |
| Personal name | MISHEL (Margaret) |
| Dates associated with a name | ಮಾರ್ಗರೇಟ್ ಮಿಚೆಲ್ |
| 9 (RLIN) | 245892 |
| 245 ## - TITLE STATEMENT | |
| Title | Gone with the wind |
| Remainder of title | ಗಾನ್ ವಿಥ್ ದಿ ವಿಂಡ್ |
| 260 ## - PUBLICATION, DISTRIBUTION, ETC. | |
| Place of publication, distribution, etc. | Bengaluru |
| Name of publisher, distributor, etc. | Ankita Pustaka |
| Date of publication, distribution, etc. | 2004 |
| 300 ## - PHYSICAL DESCRIPTION | |
| Extent | 600 |
| 520 ## - SUMMARY, ETC. | |
| Summary, etc. | ಸಾರಾಂಶ<br/>'ನಾಳೆ, ಅವನನ್ನು ಮರಳಿ ಪಡೆಯಲು ಏನಾದರೂ ಮಾರ್ಗವನ್ನು ಯೋಚಿಸುತ್ತೇನೆ. ಎಲ್ಲಾ ನಂತರ, ನಾಳೆ ಮತ್ತೊಂದು ದಿನ.'<br/><br/>ಅಮೇರಿಕನ್ ಅಂತರ್ಯುದ್ಧದ ನಾಟಕೀಯ ಹಿನ್ನೆಲೆಯ ವಿರುದ್ಧ ಹೊಂದಿಸಲಾದ ಮಾರ್ಗರೇಟ್ ಮಿಚೆಲ್ ಅವರ ಭವ್ಯವಾದ ಐತಿಹಾಸಿಕ ಮಹಾಕಾವ್ಯವು ಪ್ರೀತಿ ಮತ್ತು ನಷ್ಟದ ಮರೆಯಲಾಗದ ಕಥೆಯಾಗಿದೆ, ಒಂದು ರಾಷ್ಟ್ರವು ಮಾರಕವಾಗಿ ವಿಭಜನೆಯಾಯಿತು ಮತ್ತು ಶಾಶ್ವತವಾಗಿ ಬದಲಾದ ಜನರು. ಎಲ್ಲಕ್ಕಿಂತ ಹೆಚ್ಚಾಗಿ, ಇದು ಸುಂದರ, ನಿರ್ದಯ ಸ್ಕಾರ್ಲೆಟ್ ಒ'ಹರಾ ಮತ್ತು ಅದೃಷ್ಟದ ಧೈರ್ಯಶಾಲಿ ಸೈನಿಕ ರೆಟ್ ಬಟ್ಲರ್ ಅವರ ಕಥೆಯಾಗಿದೆ.<br/><br/>ವ್ಯಾಪಕವಾಗಿ ಗ್ರೇಟ್ ಅಮೇರಿಕನ್ ಕಾದಂಬರಿ ಎಂದು ಪರಿಗಣಿಸಲ್ಪಟ್ಟಿದೆ ಮತ್ತು ಕ್ಲಾರ್ಕ್ ಗೇಬಲ್ ಮತ್ತು ವಿವಿಯನ್ ಲೀ ನಟಿಸಿದ ಮಹಾಕಾವ್ಯ ಚಲನಚಿತ್ರ ಆವೃತ್ತಿಗಾಗಿ ಹೆಚ್ಚಾಗಿ ನೆನಪಿಸಿಕೊಳ್ಳಲ್ಪಡುತ್ತದೆ, ಗಾನ್ ವಿಥ್ ದಿ ವಿಂಡ್ ಒಂದು ಅದ್ಭುತ ಕಥೆ ಹೇಳುವ ಕೃತಿಯಾಗಿದೆ. ಇದು ಅಂತರ್ಯುದ್ಧ ಮತ್ತು ಪುನರ್ನಿರ್ಮಾಣದ ನಾಟಕವನ್ನು ಸ್ಪಷ್ಟವಾಗಿ ಚಿತ್ರಿಸುತ್ತದೆ ಮತ್ತು ಅವ್ಯವಸ್ಥೆಯ ಉತ್ಸಾಹ ಮತ್ತು ಧೈರ್ಯದ ವ್ಯಾಪಕ ಕಥೆಯಾಗಿದೆ. |
| 690 ## - LOCAL SUBJECT ADDED ENTRY--TOPICAL TERM (OCLC, RLIN) | |
| Topical term or geographic name as entry element | Kannada Fiction |
| 9 (RLIN) | 245902 |
| 700 ## - ADDED ENTRY--PERSONAL NAME | |
| Personal name | Shymala adhav |
| Dates associated with a name | ಶ್ಯಾಮಲಾ ಮಾಧವ tr |
| 9 (RLIN) | 245903 |
| 906 ## - LOCAL DATA ELEMENT F, LDF (RLIN) | |
| a | 063157 |
| 942 ## - ADDED ENTRY ELEMENTS (KOHA) | |
| Source of classification or shelving scheme | Dewey Decimal Classification |
| Koha item type | Book |
| Withdrawn status | Lost status | Source of classification or shelving scheme | Damaged status | Not for loan | Collection code | Home library | Current library | Shelving location | Date acquired | Source of acquisition | Cost, normal purchase price | Total Checkouts | Full call number | Barcode | Date last seen | Price effective from | Koha item type |
|---|---|---|---|---|---|---|---|---|---|---|---|---|---|---|---|---|---|
| Dewey Decimal Classification | Kannada | St Aloysius Library | St Aloysius Library | 02/17/2021 | Athree book centre | 250.00 | K894.3 MISG | 063157 | 02/17/2021 | 02/17/2021 | Book |